| 000 | 00689nam a2200253 a 4500 | ||
|---|---|---|---|
| 003 | AR-BaBNM | ||
| 005 | 20251128203534.0 | ||
| 008 | 082120s2002 ||||||||||||||000 | spa|| | ||
| 040 | _cAR-BaBNM | ||
| 100 | 1 | _aAragón, Raúl | |
| 245 | 0 | 0 | _aBelgrano y la educación |
| 260 |
_aLa Plata _bProvincia de Buenos Aires. Ministerio de Educación _c1962 |
||
| 300 | _a130 p. | ||
| 500 | _aApéndice: p. 107-127 | ||
| 504 | _aBibliografía: p. 129-130 | ||
| 600 | 1 | 4 | _aBelgrano, Manuel |
| 650 | 4 | _aHISTORIA DE LAS IDEAS | |
| 650 | 4 | _aHISTORIA DE LA EDUCACION | |
| 650 | 4 | _aEDUCACION ESPECIAL | |
| 651 | 4 | _aArgentina | |
| 653 | _aEDUCACION PRIMARIA | ||
| 942 | _cBK | ||
| 998 | _cgrace | ||
| 999 |
_c3851 _d3851 |
||